Diseño de un sistema de información para controlar y mejorar la eficiencia y calidad de servicio del sistema oficial de fotocopiado de la Universidad de Costa Rica
Furkejuvvon:
| Váldodahkki: | |
|---|---|
| Materiálatiipa: | Girji |
| Almmustuhtton: |
San José, C.R.
2002
|
| Fáttát: | |
| Fáddágilkorat: |
Lasit fáddágilkoriid
Eai fáddágilkorat, Lasit vuosttaš fáddágilkora!
|
MARC
| LEADER | 00000nam a2200000Ia 4500 | ||
|---|---|---|---|
| 003 | 009139 | ||
| 005 | 20231122114751.0 | ||
| 008 | 140114s2002 cr a m 000 ||s d | ||
| 040 | |c cru CEDI | ||
| 090 | |a TFG 4680 | ||
| 100 | |a Vargas, Rebeca |9 7052 | ||
| 245 | |a Diseño de un sistema de información para controlar y mejorar la eficiencia y calidad de servicio del sistema oficial de fotocopiado de la Universidad de Costa Rica | ||
| 260 | |c 2002 |a San José, C.R. | ||
| 300 | |a xi, 123 hojas, [175] hojas : ilustraciones | ||
| 500 | |a Proyecto de graduación (licenciatura en ingeniería industrial)--Universidad de Costa Rica. Facultad de Ingeniería. Escuela de Ingeniería Industrial | ||
| 501 | |a Director de Proyecto de Graduación: Ing. Sergio Arias | ||
| 650 | |x UNIVERSIDAD DE COSTA RICA. VICERRECTORIA DE ADMINISTRACION. OFICINA DE SERVICIOS GENERALES. UNIDAD DE FOTOCOPIADO |x FOTOCOPIAS |x EQUIPO Y ACCESORIOS |x PRODUCCION DE COPIAS |x COSTOS |x SATISFACCION DEL CLIENTE |x CONTROL DE PROCESOS |x RENDIMIENTO INDUSTRIAL |x ADMINISTRACION |x CALIDAD DEL SERVICIO |9 7053 | ||
| 942 | |c TFG |h TFG 4680 |i 009139 |6 TFG_4680_009139000000000 | ||
| 999 | |c 17801 |d 17801 | ||
